00787nam a2200181 a 450000100100000000500170001000800410002704000250006808200140009310000360010724500570014326000390020030000350023959000260027495201120030095201760041299900170058800002672120200930030355.0110324s1966 dr ac r 000 0 spa d aDO-SdBNPbspacBNPHU axxxbM5191 aMelero Bandallo, Vicente95382610aGeografía de América /cVicente Melero Bandallo. aSanto Domingo :bDisesa,c[19--?]. a156 p. :bil., retr. ;c27 cm. aInventariado, 2018/BT 0010718PDaPDbPDcHDd2011-03-24iLF1l0oxxx M519p26721-10r2020-06-25w2020-06-25yLFPDZNo se presta 0010718PDaPDbPDcHDd2018-08-30iLF1l0oxxx M519p26721-20r2020-06-25te. 2w2020-06-25yLFPDzPerteneció a la biblioteca personal de Barbara Suncar.ZNo se presta c26213d26213